Statistics for Lana del rey - For free

Click here to take the quiz!

General Stats

  • This quiz has been taken 11 times
  • The average score is 109 of 171

Answer Stats

Answer% Correct
a
100%
and
100%
And
100%
As
100%
for
100%
free
100%
from
100%
go
100%
good
100%
He
100%
he
100%
I
100%
in
100%
me
100%
on
100%
On
100%
So
100%
so
100%
stand
100%
standing
100%
The
100%
the
100%
to
100%
was
100%
you're
100%
But
67%
By
67%
by
67%
corner
67%
got
67%
hear
67%
heard
67%
him
67%
his
67%
hotel
67%
jewels
67%
knew
67%
last
67%
let
67%
money
67%
night
67%
Now
67%
out
67%
play
67%
played
67%
playing
67%
real
67%
rushed
67%
shopping
67%
slept
67%
song
67%
street
67%
their
67%
they
67%
They
67%
today
67%
two
67%
went
67%
around
33%
ask
33%
been
33%
black
33%
children
33%
clarinet
33%
dirty
33%
fortunes
33%
geltenmen
33%
green
33%
had
33%
if
33%
I'll
33%
limousine
33%
man
33%
music
33%
never
33%
one
33%
Or
33%
passed
33%
refrain
33%
schools
33%
stood
33%
sweet
33%
these
33%
town
33%
TV
33%
velvet
33%
waiting
33%
walking
33%
Who
33%
wind
33%
Acroos
0%
band
0%
calls
0%
changed
0%
curtain
0%
escort
0%
friend
0%
halls
0%
harmony
0%
He's
0%
high
0%
lunch
0%
Maybe
0%
meant
0%
Nobody
0%
noisy
0%
over
0%
put
0%
quick
0%
signal
0%
stopped
0%
thier
0%
those
0%
Though
0%
through
0%
you've
0%

Score Distribution

Percentile by Number Answered

Percent of People with Each Score

Your Score History

You have not taken this quiz